[Event "North American-ch U20"]
[Site "Dulles"]
[Date "2023.12.20"]
[Round "4"]
[White "Willy, Stephen"]
[Black "Park, Evan"]
[Result "1/2-1/2"]
[WhiteElo "2080"]
[BlackElo "2358"]
[PlyCount "117"]
[EventDate "2023.12.19"]
[EventType "swiss"]
[EventRounds "9"]
[EventCountry "USA"]
[SourceTitle "CB52_2023"]
[SourceDate "2023.12.27"]
[SourceVersion "1"]
[SourceVersionDate "2023.12.27"]
[SourceQuality "1"]

1. e4 e5 2. Nf3 Nc6 3. d4 exd4 4. Nxd4 Bc5 5. Nb3 Bb6 6. Qe2 a5 7. a4 d6 8. Be3 Bxe3 9. Qxe3 Nb4 10. Na3 Nf6 11. 0-0-0 0-0 12. f3 Qe7 13. g4 Nfd5 14. Qd2 Nb6 15. Bb5 Be6 16. Kb1 c6 17. Qxd6 Qxd6 18. Rxd6 Bxb3 19. cxb3 Nc8 20. Rd7 cxb5 21. axb5 b6 22. Rhd1 g5 23. Nc4 Re8 24. Rc1 Kf8 25. Rcd1 h6 26. R1d2 Kg8 27. R2d4 Ra7 28. Nxb6 Rxd7 29. Nxd7 Re6 30. Nc5 Rd6 31. Rxd6 Nxd6 32. b6 f6 33. Kc1 Kf7 34. Kd2 Ke7 35. Ke3 Nc6 36. f4 gxf4+ 37. Kxf4 Ne5 38. h4 Nc6 39. b7 Kd8 40. Ne6+ Kd7 41. Nd4 Nxb7 42. Nxc6 Kxc6 43. Kf5 Nd6+ 44. Kg6 Nxe4 45. Kxh6 Nf2 46. Kg6 Nxg4 47. Kf5 Nh6+ 48. Kxf6 Kd5 49. Kg6 Ng4 50. Kf5 Ne3+ 51. Kf6 Ng4+ 52. Kf5 Ne5 53. Kf6 Nd7+ 54. Ke7 Nc5 55. h5 Ne4 56. h6 Ng5 57. Kf6 Nh7+ 58. Kg7 Ng5 59. Kf6 1/2-1/2

[Event "Dulles Cherry Blossom op 10th"]
[Site "Dulles"]
[Date "2023.05.27"]
[Round "5"]
[White "Marjanovic, Annamaria"]
[Black "Park, Evan"]
[Result "1/2-1/2"]
[WhiteElo "2273"]
[BlackElo "2380"]
[PlyCount "168"]
[EventDate "2023.05.24"]
[EventType "swiss"]
[EventRounds "9"]
[EventCountry "USA"]
[SourceTitle "CBM 214 Extra"]
[Source "ChessBase"]
[SourceDate "2023.07.31"]
[SourceVersion "1"]
[SourceVersionDate "2023.07.31"]
[SourceQuality "1"]

1. c4 e6 2. g3 Nf6 3. Bg2 d5 4. Nf3 d4 5. 0-0 c5 6. e3 Nc6 7. exd4 cxd4 8. d3 Bc5 9. a3 a5 10. Re1 0-0 11. Bg5 h6 12. Bxf6 gxf6 13. Nbd2 Kh7 14. Nh4 f5 15. f4 Bd7 16. Qe2 Rb8 17. Rab1 a4 18. Nhf3 Qe7 19. Qd1 Ra8 20. Ne5 Nxe5 21. Rxe5 Rab8 22. Bh3 Qd6 23. b4 axb3 24. Nxb3 b6 25. Nxc5 bxc5 26. Re2 Qa6 27. Ra2 Qa4 28. Qc1 Rb3 29. Rxb3 Qxb3 30. Qc2 Qxc2 31. Rxc2 Rb8 32. Ra2 Ba4 33. Bf1 f6 34. Re2 Rb6 35. Re1 Kg7 36. Kf2 Kf7 37. Be2 Ke7 38. h3 Bc2 39. Ra1 Rb2 40. Ke1 Ba4 41. g4 fxg4 42. hxg4 e5 43. fxe5 fxe5 44. Bd1 Rh2 45. Rb1 Bxd1 46. Kxd1 e4 47. dxe4 Kd6 48. Rb5 Ke5 49. Rxc5+ Kxe4 50. Rh5 Rg2 51. Rxh6 Kd3 52. Rh3+ Kxc4 53. g5 Rxg5 54. Kd2 Rg2+ 55. Kd1 Ra2 56. Rg3 Rh2 57. a4 Ra2 58. Rh3 Rxa4 59. Kd2 Ra8 60. Rg3 Rh8 61. Rf3 Rh1 62. Rg3 Rh4 63. Ra3 Rh2+ 64. Kd1 Kd5 65. Rb3 Ke4 66. Ra3 Rh1+ 67. Kd2 Rh2+ 68. Kd1 Rh1+ 69. Kd2 Rg1 70. Rh3 Rg2+ 71. Kd1 Rg1+ 72. Kd2 Ra1 73. Rb3 Ra2+ 74. Kd1 d3 75. Rb8 Ra1+ 76. Kd2 Ra2+ 77. Kd1 d2 78. Re8+ Kd3 79. Rd8+ Ke3 80. Re8+ Kd4 81. Rd8+ Kc3 82. Rc8+ Kd3 83. Rd8+ Ke3 84. Re8+ Kd3 1/2-1/2

[Event "Saint Louis Super Swiss"]
[Site "Saint Louis"]
[Date "2023.03.14"]
[Round "5"]
[White "Hakobyan, Aram"]
[Black "Park, Evan"]
[Result "1-0"]
[WhiteElo "2620"]
[BlackElo "2383"]
[PlyCount "79"]
[EventDate "2023.03.12"]
[EventType "swiss"]
[EventRounds "9"]
[EventCountry "USA"]
[SourceTitle "CBM 213 Extra"]
[Source "ChessBase"]
[SourceDate "2023.05.31"]
[SourceVersion "1"]
[SourceVersionDate "2023.05.31"]
[SourceQuality "1"]

1. e4 e5 2. Nf3 Nc6 3. Bc4 Nf6 4. d3 Bc5 5. 0-0 d6 6. c3 a5 7. Re1 0-0 8. h3 h6 9. Nbd2 Be6 10. Bb5 Qb8 11. Bxc6 bxc6 12. d4 exd4 13. cxd4 Bb6 14. Nf1 d5 15. e5 Ne4 16. Be3 a4 17. Rc1 Ba5 18. Re2 a3 19. b3 Nc3 20. Rxc3 Bxc3 21. Bxh6 Bb4 22. Qc1 Re8 23. Ng3 Bf8 24. Bg5 Qb5 25. Qd2 c5 26. Bf6 Ra6 27. dxc5 Qxc5 28. Qg5 Rc6 29. Re1 Bc8 30. Nh5 g6 31. Bd8 Rxd8 32. Qxd8 gxh5 33. Qxc8 Qc2 34. e6 fxe6 35. Qe8 Rb6 36. Ng5 Qf5 37. Nxe6 Qf7 38. Qc8 Qf5 39. Re3 Kf7 40. Qxf8+ 1-0

[Event "Akron Cardinal op"]
[Site "Akron"]
[Date "2023.02.05"]
[Round "4"]
[White "Corrales Jimenez, Fidel"]
[Black "Park, Evan"]
[Result "1/2-1/2"]
[WhiteElo "2487"]
[BlackElo "2378"]
[PlyCount "57"]
[EventDate "2023.02.03"]
[EventType "swiss"]
[EventRounds "5"]
[EventCountry "USA"]
[SourceTitle "CBM 212 Extra"]
[Source "ChessBase"]
[SourceDate "2023.03.31"]
[SourceVersion "1"]
[SourceVersionDate "2023.03.31"]
[SourceQuality "1"]

1. e4 e5 2. Nf3 Nc6 3. d4 exd4 4. Nxd4 Nf6 5. Nxc6 bxc6 6. e5 Qe7 7. Qe2 Nd5 8. h4 a5 9. g3 Ba6 10. c4 Nb6 11. b3 Qe6 12. Nd2 Bb4 13. Bb2 0-0 14. Bh3 Qg6 15. 0-0-0 d5 16. exd6 cxd6 17. a3 Bc5 18. Qf3 d5 19. Bf5 Qh6 20. g4 Qd6 21. Kb1 Bxa3 22. Ba1 a4 23. g5 Bc8 24. Bc2 axb3 25. Nxb3 Nxc4 26. Qd3 Qg6 27. Qf3 Qd6 28. Qd3 Qg6 29. Qf3 1/2-1/2

[Event "Charlotte op"]
[Site "Charlotte"]
[Date "2023.01.14"]
[Round "2"]
[White "Naroditsky, Daniel"]
[Black "Park, Evan"]
[Result "1/2-1/2"]
[WhiteElo "2622"]
[BlackElo "2360"]
[PlyCount "45"]
[EventDate "2023.01.14"]
[EventType "swiss"]
[EventRounds "6"]
[EventCountry "USA"]
[SourceTitle "CBM 212 Extra"]
[Source "ChessBase"]
[SourceDate "2023.03.31"]
[SourceVersion "1"]
[SourceVersionDate "2023.03.31"]
[SourceQuality "1"]

1. d4 Nf6 2. c4 e6 3. Nf3 d5 4. Nc3 Bb4 5. Qa4+ Nc6 6. a3 Bxc3+ 7. bxc3 Bd7 8. cxd5 exd5 9. Bg5 h6 10. Bxf6 Qxf6 11. e3 0-0 12. Qb3 Qd6 13. Bd3 b6 14. 0-0 Bg4 15. Nd2 Na5 16. Qb4 Be6 17. Rac1 c5 18. dxc5 Qxc5 19. Nf3 Rac8 20. Nd4 Nc4 21. Bxc4 Qxc4 22. Rfd1 Rc5 23. h3 1/2-1/2

[Event "SWE-ch Blitz"]
[Site "Stockholm"]
[Date "2023.01.01"]
[Round "2"]
[White "Eriksson, Jorgen"]
[Black "Park, Evan"]
[Result "0-1"]
[WhiteElo "2152"]
[BlackElo "2360"]
[PlyCount "54"]
[EventDate "2023.01.01"]
[EventType "swiss (blitz)"]
[EventRounds "13"]
[EventCountry "SWE"]
[SourceTitle "CBM 211 Extra"]
[Source "ChessBase"]
[SourceDate "2023.01.31"]
[SourceVersion "1"]
[SourceVersionDate "2023.01.31"]
[SourceQuality "1"]

1. d4 f5 2. Nf3 Nf6 3. g3 g6 4. Bg2 Bg7 5. 0-0 0-0 6. c4 d6 7. Nc3 c6 8. Re1 Na6 9. e4 fxe4 10. Nxe4 Nxe4 11. Rxe4 Bf5 12. Re1 e5 13. Be3 e4 14. Nd2 Re8 15. a3 d5 16. cxd5 cxd5 17. Qb3 Qd7 18. Rac1 Kh8 19. Nb1 b6 20. Nc3 Nc7 21. a4 Rad8 22. Nb5 Ne6 23. Rc2 a6 24. Nc3 Nxd4 25. Bxd4 Bxd4 26. Ne2 Bc5 27. Qc3+ d4 0-1

[Event "Rilton Cup 50th"]
[Site "Stockholm"]
[Date "2022.12.29"]
[Round "3"]
[White "Parkhov, Yair"]
[Black "Park, Evan"]
[Result "1-0"]
[WhiteElo "2470"]
[BlackElo "2362"]
[PlyCount "57"]
[EventDate "2022.12.27"]
[EventType "swiss"]
[EventRounds "9"]
[EventCountry "SWE"]
[SourceTitle "CBM 212 Extra"]
[Source "ChessBase"]
[SourceDate "2023.03.31"]
[SourceVersion "1"]
[SourceVersionDate "2023.03.31"]
[SourceQuality "1"]

1. d4 Nf6 2. c4 e6 3. Nc3 Bb4 4. f3 c5 5. d5 b5 6. e4 d6 7. Nge2 bxc4 8. Nf4 e5 9. Nfe2 Nbd7 10. Ng3 Nb6 11. Be2 0-0 12. 0-0 Bxc3 13. bxc3 Kh8 14. a4 a5 15. f4 exf4 16. Bxf4 Ng8 17. Nh5 f6 18. Qe1 Qe7 19. Qg3 Rd8 20. Rab1 Ra6 21. h3 g6 22. Nxf6 Nxf6 23. Qh4 Rf8 24. Bg5 Nbd7 25. Bg4 Qe8 26. Bxf6+ Nxf6 27. Rxf6 Bxg4 28. Rb7 Bh5 29. Qf4 1-0

[Event "Chesterfield SPICE Cup op"]
[Site "Chesterfield"]
[Date "2022.12.21"]
[Round "6"]
[White "Park, Evan"]
[Black "Wu, Derek"]
[Result "1-0"]
[WhiteElo "2362"]
[BlackElo "2248"]
[PlyCount "93"]
[EventDate "2022.12.18"]
[EventType "swiss"]
[EventRounds "9"]
[EventCountry "USA"]
[SourceTitle "CBM 212 Extra"]
[Source "ChessBase"]
[SourceDate "2023.03.31"]
[SourceVersion "1"]
[SourceVersionDate "2023.03.31"]
[SourceQuality "1"]

1. e4 c5 2. Nf3 d6 3. d4 cxd4 4. Nxd4 Nf6 5. Nc3 a6 6. Bg5 Nbd7 7. Be3 e6 8. g4 Nc5 9. f3 b5 10. b4 Ncd7 11. g5 Nh5 12. Qd2 Qc7 13. Kf2 Ne5 14. a4 bxa4 15. Rxa4 Be7 16. b5 f6 17. b6 Qb7 18. Bc4 d5 19. exd5 fxg5 20. dxe6 0-0 21. Bd5 Qb8 22. Bxg5 Nf6 23. Bxf6 Rxf6 24. Ne4 Rf8 25. Bxa8 Qxa8 26. Ke2 Bb7 27. Qe3 Qe8 28. Raa1 Bd5 29. Nd2 Qh5 30. Rag1 Nc4 31. Nxc4 Bxc4+ 32. Kd1 Qa5 33. Nc6 Qd5+ 34. Qd4 Qxf3+ 35. Kc1 Qa3+ 36. Kd2 Bb4+ 37. Nxb4 Qxb4+ 38. Kc1 Qa3+ 39. Kd1 Qf3+ 40. Kc1 Qa3+ 41. Qb2 Qe3+ 42. Kb1 g6 43. Re1 Qc5 44. b7 Bb5 45. Rhf1 Bxf1 46. b8Q Bb5 47. Qb7 1-0

[Event "Chesterfield SPICE Cup op"]
[Site "Chesterfield"]
[Date "2022.12.20"]
[Round "4"]
[White "Park, Evan"]
[Black "Fishbein, Mitch"]
[Result "1-0"]
[WhiteElo "2362"]
[BlackElo "2032"]
[PlyCount "79"]
[EventDate "2022.12.18"]
[EventType "swiss"]
[EventRounds "9"]
[EventCountry "USA"]
[SourceTitle "CBM 212 Extra"]
[Source "ChessBase"]
[SourceDate "2023.03.31"]
[SourceVersion "1"]
[SourceVersionDate "2023.03.31"]
[SourceQuality "1"]

1. d4 Nf6 2. c4 e6 3. Nc3 Bb4 4. e3 0-0 5. Bd3 d5 6. a3 Bxc3+ 7. bxc3 dxc4 8. Bxc4 c5 9. Ne2 Nc6 10. Ng3 e5 11. d5 Na5 12. Ba2 c4 13. e4 Nd7 14. Be3 Qc7 15. 0-0 b6 16. Nf5 Nc5 17. d6 Qd8 18. Ne7+ Kh8 19. Bxc5 bxc5 20. Qd5 Be6 21. Qxe5 Qd7 22. Rad1 Nb7 23. Bb1 Rae8 24. Qh5 Bg4 25. Qh4 Bxd1 26. e5 h6 27. Rxd1 Nd8 28. Qe4 g6 29. Qh4 Kh7 30. Nd5 Qe6 31. Nf6+ Kg7 32. f4 Rh8 33. Nxe8+ Rxe8 34. d7 Re7 35. Rd6 Rxd7 36. Qf6+ Kf8 37. Rxe6 Nxe6 38. Bxg6 Ng7 39. e6 Nxe6 40. Bxf7 1-0

[Event "Chesterfield SPICE Cup op"]
[Site "Chesterfield"]
[Date "2022.12.18"]
[Round "1"]
[White "Zhang, Alex"]
[Black "Park, Evan"]
[Result "1/2-1/2"]
[WhiteElo "1990"]
[BlackElo "2362"]
[PlyCount "159"]
[EventDate "2022.12.18"]
[EventType "swiss"]
[EventRounds "9"]
[EventCountry "USA"]
[SourceTitle "CBM 212 Extra"]
[Source "ChessBase"]
[SourceDate "2023.03.31"]
[SourceVersion "1"]
[SourceVersionDate "2023.03.31"]
[SourceQuality "1"]

1. d4 Nf6 2. c4 e6 3. Nf3 d5 4. Nc3 Bb4 5. Bg5 h6 6. Bxf6 Qxf6 7. Qa4+ Nc6 8. e3 0-0 9. Be2 Bd7 10. Qc2 dxc4 11. 0-0 Na5 12. Ne4 Qe7 13. Ne5 b5 14. b3 c5 15. bxc4 cxd4 16. c5 Nc6 17. Nxd7 Qxd7 18. Bxb5 Rac8 19. Nd6 Rc7 20. Rab1 a5 21. Rfd1 dxe3 22. fxe3 Qe7 23. a3 Bxa3 24. Bxc6 Qg5 25. Qe4 Qxc5 26. Nb5 Qxc6 27. Qxc6 Rxc6 28. Nxa3 Rc3 29. Ra1 Rb8 30. Ra2 Rxe3 31. Nc4 Rc3 32. Nxa5 Rb5 33. Rd8+ Kh7 34. h3 Rcc5 35. Ra8 h5 36. Ra7 Kg6 37. Nb7 Rd5 38. Na5 Rdc5 39. Ra4 Rc2 40. Nc4 Rg5 41. Ne3 Re2 42. Ra3 Rg3 43. Nc4 Rgxg2+ 44. Kh1 Rh2+ 45. Kg1 Rhg2+ 46. Kh1 Rg5 47. Rf3 f6 48. Ne3 Re1+ 49. Kh2 Re2+ 50. Kh1 h4 51. Ra4 Kh5 52. Re4 e5 53. Rg4 Rxg4 54. hxg4+ Kg6 55. Nf5 e4 56. Rf1 h3 57. Ng3 Rg2 58. Nxe4 Rxg4 59. Nf2 Rg3 60. Rg1 Rxg1+ 61. Kxg1 Kf5 62. Nxh3 Kg4 63. Kg2 g5 64. Nf2+ Kh4 65. Ne4 f5 66. Nxg5 Kxg5 67. Kf3 Kf6 68. Kf4 Ke6 69. Kf3 Kd5 70. Kf4 Ke6 71. Kf3 Ke5 72. Ke3 Kf6 73. Kf4 Kg6 74. Kf3 Kg5 75. Kg3 f4+ 76. Kf3 Kf5 77. Kf2 Ke4 78. Ke2 f3+ 79. Kf2 Kf4 80. Kf1 1/2-1/2

[Event "Hollywood Masters op"]
[Site "Los Angeles"]
[Date "2022.10.30"]
[Round "9"]
[White "Tang, Zoey"]
[Black "Park, Evan"]
[Result "0-1"]
[WhiteElo "2206"]
[BlackElo "2364"]
[PlyCount "140"]
[EventDate "2022.10.26"]
[EventType "swiss"]
[EventRounds "9"]
[EventCountry "USA"]
[SourceTitle "EXT 2024"]
[Source "ChessBase"]
[SourceDate "2023.10.10"]
[SourceVersion "1"]
[SourceVersionDate "2023.10.10"]
[SourceQuality "1"]

1. d4 Nf6 2. c4 e6 3. Nf3 d5 4. Nc3 Bb4 5. Qa4+ Nc6 6. e3 0-0 7. Bd2 Re8 8. a3 Bf8 9. Be2 a6 10. 0-0 Bd7 11. Qc2 h6 12. Rfd1 Bd6 13. c5 Bf8 14. Ne5 Nxe5 15. dxe5 Ne4 16. Nxe4 dxe4 17. Bb4 Qc8 18. Qxe4 a5 19. Bd3 g6 20. Be1 Bxc5 21. Rac1 Bf8 22. Qg4 h5 23. Qh3 Ba4 24. Rd2 Rd8 25. Qh4 Bb3 26. Bb5 Rxd2 27. Bxd2 Qd8 28. Qd4 c6 29. Be2 Qc7 30. Qf4 Rd8 31. Bc3 a4 32. h3 Bg7 33. Bf3 c5 34. Qg5 b6 35. Kh1 Rd7 36. Qf4 b5 37. Bd4 Bc4 38. Bc3 Bd5 39. Be2 Qb7 40. f3 Kh7 41. Qh4 Bh6 42. Qf2 Bb3 43. f4 Bd5 44. Kh2 b4 45. axb4 cxb4 46. Bd4 Rc7 47. Rxc7 Qxc7 48. Bf3 Qc4 49. Bxd5 Qxd5 50. Qh4 Kg8 51. Qe7 Bxf4+ 52. g3 Bxe5 53. Qxb4 Bxd4 54. exd4 Qb3 55. Qd2 Qf3 56. Qc2 Kg7 57. Qd2 Qd5 58. Qb4 Qb3 59. Qd2 Qf3 60. h4 Qe4 61. Qf2 Qd3 62. Kg2 Qc4 63. Qd2 Qd5+ 64. Kf2 e5 65. Ke3 exd4+ 66. Qxd4+ Qxd4+ 67. Kxd4 g5 68. Kc4 gxh4 69. gxh4 Kg6 70. Kb4 f5 0-1

[Event "Saint Louis Congress GM"]
[Site "Saint Louis"]
[Date "2022.05.23"]
[Round "8"]
[White "Park, Evan"]
[Black "Schitco, Ivan"]
[Result "1-0"]
[WhiteElo "2431"]
[BlackElo "2484"]
[PlyCount "227"]
[EventDate "2022.05.19"]
[EventType "tourn"]
[EventRounds "9"]
[EventCountry "USA"]
[EventCategory "9"]
[SourceTitle "CBM 208 Extra"]
[Source "ChessBase"]
[SourceDate "2022.07.31"]
[SourceVersion "1"]
[SourceVersionDate "2022.07.31"]
[SourceQuality "1"]

1. e4 c5 2. Nf3 d6 3. d4 cxd4 4. Nxd4 Nf6 5. Nc3 Nc6 6. Bg5 e6 7. Qd2 a6 8. 0-0-0 Bd7 9. Kb1 Nxd4 10. Qxd4 Be7 11. f3 Qc7 12. Qd2 b5 13. g4 h5 14. gxh5 Rxh5 15. Bd3 Rb8 16. h4 a5 17. f4 b4 18. Ne2 a4 19. Ng3 Rh8 20. Rhe1 e5 21. Bf1 Bg4 22. Be2 Be6 23. fxe5 dxe5 24. Nf5 Bxf5 25. exf5 Kf8 26. Bf3 Ne8 27. Qd5 f6 28. Bc1 Rd8 29. Qe6 Rd6 30. Rxd6 Qxd6 31. Qc4 Qc5 32. Qg4 Qf2 33. Rh1 b3 34. cxb3 axb3 35. axb3 Qb6 36. Bd5 Qf2 37. h5 Nd6 38. Be6 Qd4 39. Qxd4 exd4 40. Bf4 d3 41. Rh3 Ne4 42. Rxd3 Rxh5 43. b4 Rh4 44. Bc7 Bxb4 45. Rd8+ Ke7 46. Rd7+ Kf8 47. Rd8+ Ke7 48. Rd7+ Kf8 49. Rf7+ Kg8 50. Rxf6+ Kh7 51. Rg6 Bd6 52. Bxd6 Nxd6 53. Rg2 Kh6 54. Rd2 Nb5 55. Rd8 Nd4 56. Bd7 Rf4 57. Rf8 g5 58. f6 g4 59. Bxg4 Kg6 60. f7 Kg7 61. Rc8 Kxf7 62. Bh5+ Ke7 63. Ka2 Kd7 64. Rc3 Nb5 65. Rc5 Nc7 66. Ka3 Kd6 67. Rc1 Nb5+ 68. Ka2 Nc7 69. Be2 Nd5 70. Ka3 Nb4 71. b3 Nc6 72. Bb5 Nd4 73. Ba4 Ne6 74. b4 Rf3+ 75. Kb2 Rf2+ 76. Kb3 Rf4 77. Bb5 Rf8 78. Rc4 Rb8 79. Ba4 Kd5 80. Bc6+ Kd6 81. b5 Nc5+ 82. Kb4 Nd3+ 83. Ka5 Ne5 84. Rc1 Rf8 85. Kb6 Rb8+ 86. Ka7 Rf8 87. Kb7 Rf7+ 88. Kb6 Rf4 89. Rd1+ Ke6 90. Bd5+ Kd6 91. Bg8+ Ke7 92. Kc7 Rf2 93. Bd5 Rc2+ 94. Bc6 Nc4 95. Re1+ Kf6 96. Re8 Ne5 97. Kb7 Nc4 98. Kc7 Ne5 99. Rd8 Ke7 100. Rd5 Ke6 101. Rd6+ Ke7 102. b6 Nf7 103. Rd7+ Ke6 104. Rd1 Ne5 105. Rd6+ Ke7 106. b7 Rb2 107. Rd1 Nxc6 108. Kxc6 Rc2+ 109. Kb6 Rb2+ 110. Ka7 Ra2+ 111. Kb8 Ra3 112. Rd4 Ra1 113. Kc7 Rc1+ 114. Kb6 1-0

[Event "Saint Louis Congress GM"]
[Site "Saint Louis"]
[Date "2022.05.20"]
[Round "3"]
[White "Park, Evan"]
[Black "Brodsky, David"]
[Result "0-1"]
[WhiteElo "2431"]
[BlackElo "2484"]
[PlyCount "74"]
[EventDate "2022.05.19"]
[EventType "tourn"]
[EventRounds "9"]
[EventCountry "USA"]
[EventCategory "9"]
[SourceTitle "CBM 208 Extra"]
[Source "ChessBase"]
[SourceDate "2022.07.31"]
[SourceVersion "1"]
[SourceVersionDate "2022.07.31"]
[SourceQuality "1"]

1. e4 c5 2. Nf3 d6 3. d4 cxd4 4. Nxd4 Nf6 5. Nc3 a6 6. Be3 e5 7. Nb3 Be7 8. h3 Be6 9. Qf3 0-0 10. g4 d5 11. exd5 Nxd5 12. 0-0-0 Nxc3 13. Rxd8 Rxd8 14. bxc3 Bd5 15. Qf5 Bxh1 16. Bc4 Bd5 17. Bxd5 Rxd5 18. Qc8+ Rd8 19. Qxb7 Ba3+ 20. Kb1 Nd7 21. Bc1 Bf8 22. Qd5 a5 23. a4 Nc5 24. Qxe5 Nxa4 25. Be3 Bd6 26. Qf5 Nxc3+ 27. Kb2 Nd1+ 28. Ka2 a4 29. Nd4 Nc3+ 30. Kb2 Rdc8 31. Kc1 a3 32. Nb3 a2 33. Kd2 Bb4 34. Bd4 g6 35. Qe5 Nb5+ 36. c3 Nxd4 37. Qg7+ Kxg7 0-1

[Event "Saint Louis Congress GM"]
[Site "Saint Louis"]
[Date "2022.05.19"]
[Round "1"]
[White "Park, Evan"]
[Black "Ruiz Castillo, Joshua Daniel"]
[Result "0-1"]
[WhiteElo "2431"]
[BlackElo "2473"]
[PlyCount "75"]
[EventDate "2022.05.19"]
[EventType "tourn"]
[EventRounds "9"]
[EventCountry "USA"]
[EventCategory "9"]
[SourceTitle "CBM 208 Extra"]
[Source "ChessBase"]
[SourceDate "2022.07.31"]
[SourceVersion "1"]
[SourceVersionDate "2022.07.31"]
[SourceQuality "1"]

1. e4 c5 2. Nf3 d6 3. d4 cxd4 4. Nxd4 Nf6 5. Nc3 g6 6. Be3 Bg7 7. f3 a6 8. Qd2 h5 9. Be2 Nbd7 10. 0-0 0-0 11. Nd5 Nxd5 12. exd5 Nf6 13. c4 Qc7 14. Rac1 Re8 15. Rfe1 e5 16. dxe6 Bxe6 17. Bf1 Bd7 18. Bf2 Rxe1 19. Rxe1 Re8 20. Rxe8+ Nxe8 21. b3 Be5 22. f4 Bf6 23. Nc2 Bg7 24. Bd4 Bf5 25. Ne3 Be4 26. Bxg7 Nxg7 27. Qd4 Bc6 28. g3 Qa5 29. Qxd6 Qxa2 30. Nd5 Bxd5 31. cxd5 Qxb3 32. Qc5 h4 33. Qc8+ Kh7 34. Bc4 Qe3+ 35. Kg2 hxg3 36. Qh3+ Nh5 37. d6 Qe4+ 38. Kg1 0-1

[Event "Sunway Formentera op 1st"]
[Site "Sant Ferran de ses Roques"]
[Date "2022.05.06"]
[Round "8"]
[White "Alinasab, Mobina"]
[Black "Park, Evan"]
[Result "1-0"]
[WhiteElo "2355"]
[BlackElo "2397"]
[PlyCount "41"]
[EventDate "2022.04.29"]
[EventType "swiss"]
[EventRounds "10"]
[EventCountry "ESP"]
[SourceTitle "EXT 2023"]
[Source "ChessBase"]
[SourceDate "2022.10.05"]
[SourceVersion "1"]
[SourceVersionDate "2022.10.05"]
[SourceQuality "1"]

1. e4 e5 2. Nf3 Nc6 3. Bb5 a6 4. Ba4 d6 5. 0-0 Bd7 6. d4 b5 7. Bb3 Nxd4 8. Nxd4 exd4 9. c3 dxc3 10. Qh5 Qf6 11. Nxc3 Ne7 12. Re1 g6 13. e5 dxe5 14. Ne4 Qg7 15. Qf3 Bc6 16. Bh6 Qxh6 17. Qxf7+ Kd8 18. Qe6 g5 19. Nf6 Nc8 20. Qxc6 Bd6 21. Qd7# 1-0

[Event "Sunway Formentera op 1st"]
[Site "Sant Ferran de ses Roques"]
[Date "2022.05.01"]
[Round "3"]
[White "Park, Evan"]
[Black "Santos Ruiz, Miguel"]
[Result "0-1"]
[WhiteElo "2397"]
[BlackElo "2597"]
[PlyCount "124"]
[EventDate "2022.04.29"]
[EventType "swiss"]
[EventRounds "10"]
[EventCountry "ESP"]
[SourceTitle "CBM 208 Extra"]
[Source "ChessBase"]
[SourceDate "2022.07.31"]
[SourceVersion "1"]
[SourceVersionDate "2022.07.31"]
[SourceQuality "1"]

1. e4 c5 2. Nf3 d6 3. d4 cxd4 4. Nxd4 Nf6 5. Nc3 a6 6. Bg5 e6 7. f4 Qc7 8. Qf3 b5 9. 0-0-0 b4 10. Nb1 Nbd7 11. g4 Bb7 12. Bxf6 Nxf6 13. Nd2 Qb6 14. N4b3 d5 15. Bd3 Be7 16. g5 dxe4 17. Nxe4 Nd5 18. Rhe1 g6 19. h4 a5 20. Nbd2 Qc7 21. Nc4 0-0 22. Ne5 b3 23. axb3 a4 24. Bc4 axb3 25. Qxb3 Nxf4 26. Qc3 Ra1+ 27. Kd2 Rd8+ 28. Bd3 Qb6 29. Nc4 Rxd1+ 30. Kxd1 Qd4 31. Qxd4 Rxd4 32. Kd2 Nxd3 33. cxd3 Bb4+ 34. Nc3 Rxh4 35. Re5 Bd5 36. Kc2 Bxc4 37. dxc4 Rxc4 38. Kb3 Rd4 39. Ne4 Kg7 40. Nf6 Be7 41. Kc3 Rf4 42. Nd7 Rg4 43. Nc5 Bxg5 44. Re4 Bf6+ 45. Kb3 Rg3+ 46. Ka2 Rg2 47. Nd3 h5 48. Re3 h4 49. Ka3 Rg3 50. Rxg3 hxg3 51. Ne1 Be7+ 52. b4 f5 53. Ka4 f4 54. b5 Bc5 55. Nd3 g2 56. Nxc5 g1Q 57. Kb4 Qd4+ 58. Ka5 Qxc5 59. Ka6 f3 60. b6 f2 61. Ka7 Qxb6+ 62. Ka8 Qb8+ 0-1

[Event "Budapest FS04 GM"]
[Site "Budapest"]
[Date "2022.04.09"]
[Round "7"]
[White "Park, Evan"]
[Black "Gallego Alcaraz, Andres Felipe"]
[Result "1/2-1/2"]
[WhiteElo "2397"]
[BlackElo "2523"]
[PlyCount "41"]
[EventDate "2022.04.02"]
[EventType "tourn"]
[EventRounds "9"]
[EventCountry "HUN"]
[EventCategory "7"]
[SourceTitle "CBM 207 Extra"]
[Source "ChessBase"]
[SourceDate "2022.05.31"]
[SourceVersion "1"]
[SourceVersionDate "2022.05.31"]
[SourceQuality "1"]

1. e4 c5 2. Nf3 Nc6 3. Bb5 g6 4. 0-0 Bg7 5. Re1 e5 6. Bxc6 dxc6 7. d3 Qe7 8. Na3 Bg4 9. h3 Bxf3 10. Qxf3 Nf6 11. Nc4 Nd7 12. a3 0-0 13. b4 b5 14. Na5 Rfc8 15. Bd2 Bf8 16. Reb1 Qe6 17. Qg4 Qxg4 18. hxg4 f6 19. Be3 Be7 20. Bd2 Bf8 21. Be3 1/2-1/2